[Event "Belgrade ChessAmateur op 5th"]
[Site "Belgrade"]
[Date "2019.01.07"]
[Round "6"]
[White "Eric, Jovana"]
[Black "Lagashin, Pavel"]
[Result "0-1"]
[WhiteElo "2234"]
[BlackElo "2107"]
[PlyCount "82"]
[EventDate "2019.01.04"]
[EventType "swiss"]
[EventRounds "9"]
[EventCountry "SRB"]
[SourceTitle "CBM 188 Extra"]
[Source "ChessBase"]
[SourceDate "2019.02.26"]
[SourceVersion "1"]
[SourceVersionDate "2019.02.26"]
[SourceQuality "1"]

1. e4 Nc6 2. Nf3 d6 3. d4 Nf6 4. Nc3 g6 5. Be3 Bg7 6. Qd2 Bg4 7. 0-0-0 0-0 8. Bh6 e5 9. Bxg7 Kxg7 10. dxe5 dxe5 11. Qe3 Qe7 12. Nd5 Nxd5 13. exd5 Bxf3 14. gxf3 Nb8 15. f4 Nd7 16. Bb5 e4 17. Bxd7 Qxd7 18. Qxe4 Rfe8 19. Qd4+ Kg8 20. h4 Qf5 21. Rhe1 Qg4 22. Rg1 Qf3 23. Rde1 Qh5 24. Rd1 Re2 25. Qc4 Rxf2 26. Qxc7 Qf5 27. Qc5 Rh2 28. Rg5 Rc8 29. Rxf5 Rxc5 30. Re5 Rcxc2+ 31. Kb1 Rxb2+ 32. Ka1 Rxa2+ 33. Kb1 Rab2+ 34. Ka1 Rbd2 35. Rf1 Rxh4 36. f5 Rhd4 37. f6 h5 38. Rc1 Rxd5 39. Re8+ Kh7 40. Rcc8 Kh6 41. Re7 Rf5 0-1

[Event "Belgrade ChessAmateur op 5th"]
[Site "Belgrade"]
[Date "2019.01.06"]
[Round "4"]
[White "Gharagyozyan, Artur"]
[Black "Lagashin, Pavel"]
[Result "0-1"]
[WhiteElo "2253"]
[BlackElo "2107"]
[PlyCount "92"]
[EventDate "2019.01.04"]
[EventType "swiss"]
[EventRounds "9"]
[EventCountry "SRB"]
[SourceTitle "CBM 188 Extra"]
[Source "ChessBase"]
[SourceDate "2019.02.26"]
[SourceVersion "1"]
[SourceVersionDate "2019.02.26"]
[SourceQuality "1"]

1. e4 c5 2. Nf3 e6 3. d4 cxd4 4. Nxd4 Nc6 5. Nc3 Qc7 6. g3 a6 7. Bg2 Nf6 8. 0-0 Be7 9. Re1 0-0 10. Nxc6 dxc6 11. e5 Rd8 12. Qe2 Nd5 13. Nb1 c5 14. f4 c4 15. c3 b5 16. Nd2 Bb7 17. Ne4 Nb6 18. Be3 Na4 19. Bd4 Nc5 20. Nf2 Bxg2 21. Kxg2 Qc6+ 22. Qf3 Qxf3+ 23. Kxf3 Rd5 24. Red1 Rad8 25. Bxc5 Bxc5 26. Rxd5 Rxd5 27. Rd1 a5 28. Rxd5 exd5 29. Nd1 Kf8 30. g4 Ke8 31. h4 Kd7 32. f5 Kc6 33. g5 g6 34. fxg6 hxg6 35. Ne3 d4 36. Ng4 Kd5 37. Kf4 d3 38. Nf6+ Ke6 39. Ne4 Bg1 40. Nd2 Bf2 41. Nf3 Kd5 42. a4 bxa4 43. e6 Kxe6 44. Ke4 Be1 45. Ke3 Bxc3 46. bxc3 a3 0-1

[Event "Belgrade ChessAmateur op 5th"]
[Site "Belgrade"]
[Date "2019.01.06"]
[Round "5"]
[White "Lagashin, Pavel"]
[Black "Grebeniuk, Semen"]
[Result "0-1"]
[WhiteElo "2107"]
[BlackElo "2321"]
[PlyCount "50"]
[EventDate "2019.01.04"]
[EventType "swiss"]
[EventRounds "9"]
[EventCountry "SRB"]
[SourceTitle "CBM 188 Extra"]
[Source "ChessBase"]
[SourceDate "2019.02.26"]
[SourceVersion "1"]
[SourceVersionDate "2019.02.26"]
[SourceQuality "1"]

1. Nf3 g6 2. d4 Bg7 3. c4 f5 4. g3 Nf6 5. Bg2 d6 6. 0-0 0-0 7. b3 a5 8. Bb2 c6 9. Nc3 Na6 10. Qc2 Qc7 11. Rad1 e5 12. dxe5 dxe5 13. e4 f4 14. gxf4 Nh5 15. fxe5 Bg4 16. e6 Bxf3 17. Rd7 Qf4 18. Ne2 Bxe2 19. Qxe2 Bxb2 20. Qxb2 Nc5 21. Bh3 Nxd7 22. exd7 Qg5+ 23. Kh1 Nf4 24. Rg1 Qe7 25. Bf5 Rxf5 0-1

[Event "Belgrade ChessAmateur op 5th"]
[Site "Belgrade"]
[Date "2019.01.04"]
[Round "1"]
[White "Lagashin, Pavel"]
[Black "Cobic, Vladimir"]
[Result "0-1"]
[WhiteElo "2107"]
[BlackElo "2311"]
[PlyCount "96"]
[EventDate "2019.01.04"]
[EventType "swiss"]
[EventRounds "9"]
[EventCountry "SRB"]
[SourceTitle "CBM 188 Extra"]
[Source "ChessBase"]
[SourceDate "2019.02.26"]
[SourceVersion "1"]
[SourceVersionDate "2019.02.26"]
[SourceQuality "1"]

1. Nf3 b5 2. e4 a6 3. a4 b4 4. Bc4 Bb7 5. 0-0 e6 6. Re1 c5 7. d3 Nc6 8. c3 Na5 9. Ba2 d5 10. Bg5 f6 11. exd5 Bxd5 12. Bxd5 Qxd5 13. Bf4 Kf7 14. Nbd2 Ne7 15. Bc7 Nec6 16. Ne4 Nb3 17. Rb1 Be7 18. a5 h6 19. Nh4 Rhc8 20. Bf4 Nbxa5 21. c4 Nxc4 22. dxc4 Qxd1 23. Rbxd1 g5 24. Bd6 gxh4 25. Bxe7 Kxe7 26. Nxc5 Ne5 27. Na4 Rd8 28. b3 h3 29. f4 Nd3 30. Rf1 hxg2 31. Kxg2 Nxf4+ 32. Kf3 e5 33. Ke4 Rxd1 34. Rxd1 Rd8 35. Rxd8 Kxd8 36. Kf5 Ke7 37. Nb6 Kd6 38. Kxf6 e4 39. c5+ Kxc5 40. Nc4 e3 41. Nxe3 Nd5+ 42. Nxd5 Kxd5 43. Kg6 a5 44. Kxh6 a4 45. bxa4 b3 46. h4 b2 47. h5 b1Q 48. Kg5 Qh7 0-1

[Event "St Petersburg Korchnoi Memorial op"]
[Site "St Petersburg"]
[Date "2018.08.22"]
[Round "8"]
[White "Lagashin, Pavel"]
[Black "Polschikov, Alexey"]
[Result "1/2-1/2"]
[WhiteElo "2101"]
[BlackElo "2398"]
[PlyCount "113"]
[EventDate "2018.08.15"]
[EventType "swiss"]
[EventRounds "9"]
[EventCountry "RUS"]
[SourceTitle "CBM 186 Extra"]
[Source "ChessBase"]
[SourceDate "2018.08.24"]
[SourceVersion "1"]
[SourceVersionDate "2018.08.24"]
[SourceQuality "1"]

1. Nf3 c5 2. b3 d5 3. e3 Nf6 4. Bb2 g6 5. Bb5+ Bd7 6. Qe2 Bg7 7. Ne5 0-0 8. Nxd7 Nbxd7 9. Bxd7 Qxd7 10. d4 cxd4 11. Bxd4 Rfe8 12. Nd2 e5 13. Bb2 Rac8 14. Rc1 d4 15. 0-0 Rxc2 16. Rxc2 d3 17. Qd1 dxc2 18. Qxc2 Rc8 19. Bc3 Nd5 20. Nc4 Nxc3 21. Qxc3 b5 22. Qd2 Qxd2 23. Nxd2 Rc2 24. Rd1 Rxa2 25. g4 e4 26. Nxe4 Ra1 27. Rxa1 Bxa1 28. Kf1 Kf8 29. Ke2 Ke7 30. Kd3 f5 31. gxf5 gxf5 32. Nc5 Kd6 33. Na6 Bf6 34. e4 fxe4+ 35. Kxe4 Be7 36. Nb4 a5 37. Nd5 Bf8 38. f4 Kc5 39. f5 a4 40. bxa4 bxa4 41. Nc3 a3 42. Kd3 Bg7 43. Na2 h5 44. Kc2 Kc4 45. Nc1 h4 46. h3 Bf6 47. Kb1 Bb2 48. f6 Bxf6 49. Ka2 Kd4 50. Kxa3 Ke3 51. Kb3 Kf3 52. Nd3 Kg3 53. Ne1 Bd8 54. Kc2 Ba5 55. Kd1 Kf2 56. Nd3+ Kg3 57. Ne5 1/2-1/2

[Event "Sochi ChessAmateur op"]
[Site "Sochi"]
[Date "2018.04.05"]
[Round "7"]
[White "Kardashev, Kamil"]
[Black "Lagashin, Pavel"]
[Result "1/2-1/2"]
[WhiteElo "2232"]
[BlackElo "2121"]
[PlyCount "96"]
[EventDate "2018.04.01"]
[EventType "swiss"]
[EventRounds "9"]
[EventCountry "RUS"]
[SourceTitle "CBM 184 Extra"]
[Source "ChessBase"]
[SourceDate "2018.06.28"]
[SourceVersion "1"]
[SourceVersionDate "2018.06.28"]
[SourceQuality "1"]

1. Nf3 c5 2. g3 Nc6 3. Bg2 e5 4. 0-0 d5 5. d3 Be7 6. e4 d4 7. a4 g5 8. Na3 f6 9. c3 Be6 10. cxd4 cxd4 11. Bd2 h5 12. h4 g4 13. Ne1 Nh6 14. Nc4 Nf7 15. Nc2 Nd6 16. b3 Nxc4 17. bxc4 Qd7 18. Rb1 0-0-0 19. Nb4 Bxb4 20. Bxb4 Nxb4 21. Rxb4 Kb8 22. Qb3 Rc8 23. Rb1 Rc7 24. a5 Qc6 25. Qa3 Kc8 26. Rb5 Kd7 27. Bf1 Rb8 28. Be2 Qd6 29. Qc1 Ke7 30. f4 gxf3 31. Bxf3 Bf7 32. Kh2 b6 33. c5 Rxc5 34. Rxc5 bxc5 35. Rxb8 Qxb8 36. Qxc5+ Kd7 37. a6 Be6 38. Bxh5 Qb2+ 39. Kg1 Qa1+ 40. Kf2 Qa2+ 41. Ke1 Qxa6 42. Be2 Qb6 43. Qf8 Qb1+ 44. Kf2 Qc1 45. Qg7+ Kd6 46. h5 Qe3+ 47. Ke1 Qc1+ 48. Kf2 Qe3+ 1/2-1/2

[Event "Lvov Tradition IM 03"]
[Site "Lvov"]
[Date "2018.03.25"]
[Round "6"]
[White "Lagashin, Pavel"]
[Black "Krzywda, Andrzej"]
[Result "1/2-1/2"]
[WhiteElo "2066"]
[BlackElo "2174"]
[PlyCount "154"]
[EventDate "2018.03.22"]
[EventType "tourn"]
[EventRounds "9"]
[EventCountry "UKR"]
[SourceTitle "CBM 183 Extra"]
[Source "ChessBase"]
[SourceDate "2018.04.19"]
[SourceVersion "1"]
[SourceVersionDate "2018.04.19"]
[SourceQuality "1"]

1. d4 d5 2. c4 e6 3. Nf3 Nf6 4. g3 Bb4+ 5. Bd2 Be7 6. Bg2 0-0 7. 0-0 c6 8. Qc2 Nbd7 9. Rd1 b6 10. Bf4 a5 11. Ne5 Bb7 12. cxd5 cxd5 13. Nc6 Bxc6 14. Qxc6 Qc8 15. Qa4 Qa6 16. Nc3 Rfc8 17. Rac1 Rc4 18. Qb5 Qxb5 19. Nxb5 Rac8 20. Bf1 Rc2 21. Rxc2 Rxc2 22. Bc1 Ne4 23. f3 Nd6 24. e3 Nxb5 25. Bxb5 Nf6 26. Bd3 Rc8 27. g4 Ne8 28. e4 dxe4 29. fxe4 a4 30. Bd2 Kf8 31. Kf2 f6 32. Rc1 Rxc1 33. Bxc1 Nd6 34. Bf4 g5 35. Bg3 Ke8 36. e5 fxe5 37. dxe5 Nf7 38. Bb5+ Kd8 39. Bxa4 Bc5+ 40. Kf3 Bd4 41. b4 Bc3 42. Ke4 Bxb4 43. Bf2 Ba5 44. Bd4 Ke7 45. Kd3 Kd8 46. h3 Kc7 47. Be8 Nd8 48. Bb2 Be1 49. Ba3 Nb7 50. Be7 Nc5+ 51. Kc4 Ne4 52. Kd4 Nf2 53. Bxg5 Nxh3 54. Bc1 Bg3 55. Ke4 Bh2 56. Be3 Ng1 57. Bf7 Kd7 58. Bxb6 Ne2 59. Ba5 Nc1 60. a4 Bg1 61. Bb4 Nb3 62. a5 Nc5+ 63. Kf3 Bd4 64. g5 Nd3 65. Ke4 Nxb4 66. Kxd4 Nc6+ 67. Ke4 Nxa5 68. Bg8 Ke7 69. Bxh7 Kf7 70. Kf4 Nc6 71. Be4 Ne7 72. Ke3 Kg7 73. Kd4 Ng6 74. Bf3 Nf4 75. Ke4 Nh3 76. Bg4 Nxg5+ 77. Kd4 Kf7 1/2-1/2

[Event "Sochi Doroshkevich Amateur op"]
[Site "Sochi"]
[Date "2017.12.28"]
[Round "9"]
[White "Lagashin, Pavel"]
[Black "Dmitriev, Igor"]
[Result "1-0"]
[WhiteElo "2148"]
[BlackElo "2256"]
[PlyCount "61"]
[EventDate "2017.12.21"]
[EventType "swiss"]
[EventRounds "9"]
[EventCountry "RUS"]
[SourceTitle "CBM 182 Extra"]
[Source "ChessBase"]
[SourceDate "2018.02.23"]
[SourceVersion "1"]
[SourceVersionDate "2018.02.23"]
[SourceQuality "1"]

1. Nf3 d6 2. d4 g6 3. e4 Bg7 4. c3 a6 5. Bd3 Nc6 6. d5 Ne5 7. Nxe5 Bxe5 8. 0-0 Bg7 9. Be3 Nf6 10. f3 0-0 11. Qd2 Re8 12. c4 Bd7 13. Nc3 c6 14. b4 e6 15. dxc6 bxc6 16. Be2 Qb8 17. Rab1 d5 18. Bg5 Qa7+ 19. Be3 Qb8 20. Na4 Qc7 21. e5 Qxe5 22. Bf4 Qh5 23. g4 Qh3 24. Rf2 h6 25. Bg3 Nxg4 26. fxg4 e5 27. cxd5 cxd5 28. Nc5 Bc6 29. Qd1 h5 30. gxh5 e4 31. Bg4 1-0

[Event "Sochi Doroshkevich Amateur op"]
[Site "Sochi"]
[Date "2017.12.21"]
[Round "1"]
[White "Murzina, Agata"]
[Black "Lagashin, Pavel"]
[Result "0-1"]
[WhiteElo "1698"]
[BlackElo "2148"]
[PlyCount "84"]
[EventDate "2017.12.21"]
[EventType "swiss"]
[EventRounds "9"]
[EventCountry "RUS"]
[SourceTitle "CBM 182 Extra"]
[Source "ChessBase"]
[SourceDate "2018.02.23"]
[SourceVersion "1"]
[SourceVersionDate "2018.02.23"]
[SourceQuality "1"]

1. d4 f5 2. Bg5 g6 3. e3 Bg7 4. Nc3 Nf6 5. Bc4 c6 6. h4 d5 7. Bb3 h6 8. Bf4 Be6 9. Nf3 Nbd7 10. Ne5 Nxe5 11. Bxe5 0-0 12. Ne2 Ng4 13. Bxg7 Kxg7 14. Nf4 Bf7 15. Qd3 e5 16. dxe5 Nxe5 17. Qc3 Qf6 18. 0-0-0 a5 19. a3 b5 20. h5 g5 21. Ne2 b4 22. axb4 axb4 23. Qxb4 Ng4 24. Rdf1 Rfb8 25. Qd4 Nxf2 26. Qxf6+ Kxf6 27. Rxf2 Ra1+ 28. Kd2 Rxh1 29. Ng3 Rb1 30. Nxf5 Bxh5 31. Ng3+ Kg6 32. e4 Rxb3 33. cxb3 Rxb2+ 34. Ke1 Rxb3 35. Nf5 Rb1+ 36. Kd2 Rb2+ 37. Ke1 Rxf2 38. Kxf2 dxe4 39. Ne7+ Kf6 40. Nxc6 Be8 41. Nb4 h5 42. Ke3 Kf5 0-1

[Event "Chigorin Memorial 25th"]
[Site "St Petersburg"]
[Date "2017.10.29"]
[Round "9"]
[White "Lagashin, Pavel"]
[Black "Kundianok, Vladislav"]
[Result "0-1"]
[WhiteElo "2138"]
[BlackElo "1993"]
[PlyCount "110"]
[EventDate "2017.10.21"]
[EventType "swiss"]
[EventRounds "9"]
[EventCountry "RUS"]
[SourceTitle "CBM 181 Extra"]
[Source "ChessBase"]
[SourceDate "2017.12.12"]
[SourceVersion "1"]
[SourceVersionDate "2017.12.12"]
[SourceQuality "1"]

1. c4 Nf6 2. Nc3 e5 3. e3 d5 4. cxd5 Nxd5 5. Qc2 Be6 6. Nf3 Nc6 7. a3 a6 8. d4 exd4 9. exd4 Be7 10. Bd3 Bf6 11. Ne4 Bg4 12. Nxf6+ Nxf6 13. Be3 Qd5 14. 0-0-0 0-0-0 15. Kb1 Kb8 16. Rc1 Be6 17. Bc4 Qxc4 18. Qxc4 Bxc4 19. Rxc4 Rhe8 20. Rhc1 Nd5 21. Bg5 f6 22. Bh4 Nb6 23. R4c2 Re4 24. Bg3 h6 25. Nd2 Rexd4 26. Nb3 Rd1 27. Nc5 Ne5 28. Bxe5 fxe5 29. Ne6 Rxc1+ 30. Kxc1 Rd7 31. Re2 Nc4 32. a4 b6 33. Kc2 Re7 34. Nd4 Kb7 35. b3 Nd6 36. Nf3 e4 37. Nd2 c5 38. g4 Rf7 39. Nf1 Rf4 40. h3 Nf7 41. Ng3 Ng5 42. Nh5 Rf7 43. h4 Ne6 44. Rxe4 Rxf2+ 45. Kc3 Rf3+ 46. Kc4 Nc7 47. a5 g6 48. Ng7 Kc6 49. axb6 Nb5 50. Re6+ Nd6+ 51. Rxd6+ Kxd6 52. Ne8+ Kc6 53. g5 Rf4+ 54. Kc3 Rxh4 55. gxh6 Rxh6 0-1

[Event "Chigorin Memorial 25th"]
[Site "St Petersburg"]
[Date "2017.10.28"]
[Round "8"]
[White "Kairbekova, Amina"]
[Black "Lagashin, Pavel"]
[Result "0-1"]
[WhiteElo "1916"]
[BlackElo "2138"]
[PlyCount "128"]
[EventDate "2017.10.21"]
[EventType "swiss"]
[EventRounds "9"]
[EventCountry "RUS"]
[SourceTitle "CBM 181 Extra"]
[Source "ChessBase"]
[SourceDate "2017.12.12"]
[SourceVersion "1"]
[SourceVersionDate "2017.12.12"]
[SourceQuality "1"]

1. e4 c5 2. Nf3 e6 3. d4 cxd4 4. Nxd4 Nc6 5. Nc3 Qc7 6. Be2 a6 7. 0-0 Nf6 8. Kh1 Bb4 9. Nxc6 dxc6 10. Qd3 0-0 11. Bg5 Bxc3 12. bxc3 Qe5 13. f4 Qxe4 14. Qg3 Qg6 15. Bd3 Ne4 16. Qe3 f5 17. Bxe4 fxe4 18. Rae1 h6 19. Be7 Re8 20. Bh4 e5 21. Qxe4 Bf5 22. Qc4+ Be6 23. Qb4 Bd5 24. Rf2 exf4 25. Ref1 b5 26. Qxf4 Re4 27. Qg3 Rg4 28. Qh3 Qh5 29. Rf8+ Rxf8 30. Rxf8+ Kh7 31. Qd3+ Be4 32. Qd8 Bxg2+ 33. Kg1 Qc5+ 34. Bf2 Bd5+ 35. Kf1 Qc4+ 36. Ke1 Qxc3+ 37. Kd1 Re4 38. Rh8+ Kg6 39. Qd6+ Re6 40. Qg3+ Qxg3 41. hxg3 Bxa2 42. Ra8 Kf5 43. Rxa6 Bc4 44. Ra7 g5 45. Be1 Kg4 46. Rh7 h5 47. Rh8 Be2+ 48. Kc1 Bf3 49. Bd2 Re5 50. Rg8 c5 51. Rg7 b4 52. Kb2 Rd5 53. Bc1 c4 54. Be3 Re5 55. Bf4 Rf5 56. Be3 Bd5 57. c3 b3 58. Bf4 Rxf4 59. gxf4 Kxf4 60. Rd7 Be4 61. Rd4 h4 62. Ka3 h3 63. Rd2 Kg3 64. Kb4 h2 0-1

[Event "Chigorin Memorial 25th"]
[Site "St Petersburg"]
[Date "2017.10.26"]
[Round "6"]
[White "Gubajdullin, Alexey"]
[Black "Lagashin, Pavel"]
[Result "1-0"]
[WhiteElo "2391"]
[BlackElo "2138"]
[PlyCount "67"]
[EventDate "2017.10.21"]
[EventType "swiss"]
[EventRounds "9"]
[EventCountry "RUS"]
[SourceTitle "CBM 181 Extra"]
[Source "ChessBase"]
[SourceDate "2017.12.12"]
[SourceVersion "1"]
[SourceVersionDate "2017.12.12"]
[SourceQuality "1"]

1. d4 Nf6 2. Bf4 e6 3. e3 c5 4. c3 d5 5. Nd2 Nc6 6. Ngf3 Bd6 7. Bg3 0-0 8. Bd3 b6 9. Ne5 Bxe5 10. dxe5 Nd7 11. f4 Qe7 12. Nf3 f5 13. exf6 Nxf6 14. Bh4 e5 15. Bb5 Qd6 16. Bxc6 Qxc6 17. Nxe5 Qe6 18. 0-0 Bb7 19. Bxf6 gxf6 20. Qg4+ Qxg4 21. Nxg4 Rae8 22. Rfe1 Re6 23. Nh6+ Kg7 24. Nf5+ Kg6 25. Nh4+ Kf7 26. Rad1 a5 27. Nf5 Kg6 28. g4 h5 29. h3 hxg4 30. hxg4 Rh8 31. e4 Rxe4 32. Rxe4 dxe4 33. Rd7 Rh7 34. Ne7+ 1-0

[Event "Chigorin Memorial 25th"]
[Site "St Petersburg"]
[Date "2017.10.22"]
[Round "2"]
[White "Lagashin, Pavel"]
[Black "Chekletsov, Ilya"]
[Result "1/2-1/2"]
[WhiteElo "2138"]
[BlackElo "2372"]
[PlyCount "66"]
[EventDate "2017.10.21"]
[EventType "swiss"]
[EventRounds "9"]
[EventCountry "RUS"]
[SourceTitle "CBM 181 Extra"]
[Source "ChessBase"]
[SourceDate "2017.12.12"]
[SourceVersion "1"]
[SourceVersionDate "2017.12.12"]
[SourceQuality "1"]

1. c4 e6 2. Nc3 b6 3. e4 Bb7 4. Bd3 c5 5. Nf3 Nc6 6. 0-0 Be7 7. e5 d5 8. cxd5 exd5 9. b3 d4 10. Ne4 Nb4 11. Bb5+ Kf8 12. a3 Bxe4 13. axb4 cxb4 14. Bb2 Bc5 15. Re1 Bb7 16. e6 fxe6 17. Rxe6 Nf6 18. Qe2 a6 19. Bxa6 Rxa6 20. Rxa6 d3 21. Qe1 Bxa6 22. Qa1 Bc8 23. Rxf6+ gxf6 24. Bxf6 Bd4 25. Bxd4 Rg8 26. Qa7 Qd5 27. Be5 Rxg2+ 28. Kxg2 Bb7 29. Qb8+ Kf7 30. Qc7+ Ke8 31. Qb8+ Kf7 32. Qc7+ Ke8 33. Qb8+ Kf7 1/2-1/2

[Event "St Petersburg Summer op"]
[Site "St Petersburg"]
[Date "2017.08.24"]
[Round "9"]
[White "Lagashin, Pavel"]
[Black "Bezstrakhov, Dmitry"]
[Result "1-0"]
[WhiteElo "2162"]
[BlackElo "1952"]
[PlyCount "85"]
[EventDate "2017.08.16"]
[EventType "swiss"]
[EventRounds "9"]
[EventCountry "RUS"]
[SourceTitle "CBM 180 Extra"]
[Source "ChessBase"]
[SourceDate "2017.10.06"]
[SourceVersion "1"]
[SourceVersionDate "2017.10.06"]
[SourceQuality "1"]

1. c4 Nf6 2. Nc3 d6 3. e4 g6 4. d4 Bg7 5. Nf3 0-0 6. h3 a5 7. Bg5 h6 8. Be3 Na6 9. Qd2 Kh7 10. Nh2 e5 11. d5 Nh5 12. Ng4 f5 13. exf5 gxf5 14. Bxh6 Nc5 15. Bxg7 Nxg7 16. Qh6+ Kg8 17. Nh2 f4 18. Rg1 Kf7 19. Nf3 Rh8 20. Ng5+ Kg8 21. Qxh8+ Kxh8 22. Nf7+ Kh7 23. Nxd8 Nf5 24. Nb5 c6 25. dxc6 bxc6 26. Nxc6 Bb7 27. b4 axb4 28. Nxb4 e4 29. 0-0-0 Rd8 30. g4 Nh4 31. Rxd6 Rf8 32. Be2 f3 33. Bd1 Ng2 34. Bc2 Kh8 35. Nd5 Nf4 36. Nxf4 Rxf4 37. g5 e3 38. g6 Kg7 39. fxe3 Rxc4 40. Rd4 f2 41. Rf1 Ba6 42. Rxc4 Bxb5 43. Rxc5 1-0

[Event "St Petersburg Summer op"]
[Site "St Petersburg"]
[Date "2017.08.16"]
[Round "1"]
[White "Lagashin, Pavel"]
[Black "Smorodkin, Kirill"]
[Result "1/2-1/2"]
[WhiteElo "2162"]
[BlackElo "1726"]
[PlyCount "94"]
[EventDate "2017.08.16"]
[EventType "swiss"]
[EventRounds "9"]
[EventCountry "RUS"]
[SourceTitle "CBM 180 Extra"]
[Source "ChessBase"]
[SourceDate "2017.10.06"]
[SourceVersion "1"]
[SourceVersionDate "2017.10.06"]
[SourceQuality "1"]

1. c4 c6 2. d4 d5 3. Nf3 Nf6 4. e3 Bf5 5. Nc3 e6 6. Nh4 Bg6 7. Qb3 Qb6 8. Bd2 Nbd7 9. g3 Qxb3 10. axb3 Bc2 11. c5 Bxb3 12. Bd3 Be7 13. Ra3 Bc4 14. Ke2 Bxd3+ 15. Kxd3 0-0 16. Rha1 a6 17. f4 h6 18. Nf3 Rab8 19. h3 g6 20. Ne5 Nxe5+ 21. fxe5 Nd7 22. e4 dxe4+ 23. Nxe4 Kg7 24. Ba5 b6 25. Bc3 bxc5 26. Rxa6 cxd4 27. Bxd4 c5 28. Bc3 Nb6 29. Ra7 Nd5 30. R1a6 Rbd8 31. Nd6 Bg5 32. Rb7 Be3 33. Raa7 c4+ 34. Kxc4 Bxa7 35. Rxa7 Ra8 36. Rb7 Rab8 37. Ra7 Ra8 38. Rb7 Ra1 39. Bd4 Rh1 40. h4 Rh3 41. Ne4 Rc8+ 42. Bc5 Rh1 43. b4 Rc1+ 44. Kd4 Rd1+ 45. Kc4 Rc1+ 46. Kd4 Rd1+ 47. Kc4 Rc1+ 1/2-1/2

[Event "Lvov rapid Cup"]
[Site "Lvov"]
[Date "2017.05.08"]
[Round "1"]
[White "Lagashin, Pavel"]
[Black "Kuzubov, Yuriy"]
[Result "0-1"]
[WhiteElo "2117"]
[BlackElo "2637"]
[PlyCount "70"]
[EventDate "2017.05.08"]
[EventType "swiss (rapid)"]
[EventRounds "13"]
[EventCountry "UKR"]
[SourceTitle "CBM 178 Extra"]
[Source "ChessBase"]
[SourceDate "2017.06.22"]
[SourceVersion "1"]
[SourceVersionDate "2017.06.22"]
[SourceQuality "1"]

1. d4 Nf6 2. c4 e6 3. Nc3 Bb4 4. Qc2 0-0 5. Nf3 d5 6. a3 Bxc3+ 7. Qxc3 dxc4 8. Qxc4 b6 9. Bg5 Ba6 10. Qc2 Nbd7 11. e4 Bxf1 12. Kxf1 Qc8 13. Kg1 c5 14. dxc5 Qxc5 15. Qxc5 Nxc5 16. Bxf6 gxf6 17. e5 f5 18. g3 Rfd8 19. Kg2 Rd3 20. Rhd1 Rad8 21. Rxd3 Rxd3 22. Rc1 a5 23. Rc4 Rb3 24. Rc2 Nd3 25. Rc3 Rxc3 26. bxc3 Kf8 27. Kf1 Ke7 28. Ke2 Nb2 29. Nd2 Kd7 30. f3 Kc6 31. Ke3 Kd5 32. f4 Nc4+ 33. Nxc4 Kxc4 34. Kd2 Kb3 35. Kd3 Kxa3 0-1

[Event "Moscow op-A 13th"]
[Site "Moscow"]
[Date "2017.02.05"]
[Round "9"]
[White "Lagashin, Pavel"]
[Black "Mammadzada, Gunay Vuqar Qizi"]
[Result "0-1"]
[WhiteElo "2207"]
[BlackElo "2345"]
[PlyCount "108"]
[EventDate "2017.01.28"]
[EventType "swiss"]
[EventRounds "9"]
[EventCountry "RUS"]
[SourceTitle "EXT 2018"]
[Source "ChessBase"]
[SourceDate "2017.10.13"]
[SourceVersion "1"]
[SourceVersionDate "2017.10.13"]
[SourceQuality "1"]

1. d4 d5 2. c4 c6 3. cxd5 cxd5 4. Bf4 Nf6 5. Nc3 Nc6 6. e3 Bf5 7. Qb3 Na5 8. Qa4+ Bd7 9. Qc2 e6 10. Nf3 Bb4 11. Bd3 Nh5 12. Bg5 f6 13. g4 fxg5 14. gxh5 Qf6 15. Ne5 Nc6 16. Nxd7 Kxd7 17. Rg1 Raf8 18. a3 Bd6 19. 0-0-0 Bxh2 20. Rg2 Bd6 21. Bxh7 Be7 22. Bg6 Kc8 23. e4 Rd8 24. e5 Qf3 25. Rg3 Qf4+ 26. Kb1 Rhf8 27. Nb5 Kb8 28. Rc3 Rc8 29. Rc1 a6 30. Nd6 Bxd6 31. exd6 Qxd6 32. Bd3 Ne7 33. Rxc8+ Rxc8 34. Qd2 Rxc1+ 35. Qxc1 Qf4 36. Qc5 Qc7 37. Kc2 Qxc5+ 38. dxc5 Kc7 39. b4 Ng8 40. a4 Nf6 41. Bg6 a5 42. Kc3 axb4+ 43. Kxb4 e5 44. Bf7 g4 45. Be6 Kc6 46. a5 e4 47. Bc8 Nd7 48. Kc3 e3 49. a6 bxa6 50. Bxa6 exf2 51. Kd4 g3 52. Bf1 Nf6 53. Bg2 Nxh5 54. Bxd5+ Kc7 0-1

[Event "Moscow op-A 13th"]
[Site "Moscow"]
[Date "2017.02.03"]
[Round "7"]
[White "Lagashin, Pavel"]
[Black "Kovalev, Egor"]
[Result "1-0"]
[WhiteElo "2207"]
[BlackElo "2328"]
[PlyCount "77"]
[EventDate "2017.01.28"]
[EventType "swiss"]
[EventRounds "9"]
[EventCountry "RUS"]
[SourceTitle "EXT 2018"]
[Source "ChessBase"]
[SourceDate "2017.10.13"]
[SourceVersion "1"]
[SourceVersionDate "2017.10.13"]
[SourceQuality "1"]

1. d4 Nf6 2. c4 g6 3. Nc3 d5 4. cxd5 Nxd5 5. e4 Nxc3 6. bxc3 Bg7 7. Bb5+ Nd7 8. h4 c5 9. Rb1 Qa5 10. Bd2 cxd4 11. cxd4 Qxa2 12. Nf3 0-0 13. h5 Nf6 14. hxg6 hxg6 15. Bd3 b6 16. Ne5 Be6 17. Nc6 Rfe8 18. Nb4 Qa3 19. d5 Bd7 20. Rb3 Qa4 21. e5 Nxd5 22. Nxd5 Be6 23. Bb5 Qe4+ 24. Ne3 Bxb3 25. Qxb3 Rf8 26. Bd3 Qc6 27. Nd5 Qe6 28. f4 Rfd8 29. Bc4 Qd7 30. Bb4 Bf8 31. e6 Qxe6+ 32. Ne3 Qf6 33. Bc3 Rd4 34. Bxf7+ Kg7 35. Nd5 Re4+ 36. Kf1 Rxf4+ 37. Nxf4 e5 38. g3 Bd6 39. Bxg6 1-0

[Event "Lvov Tradition IM 01"]
[Site "Lvov"]
[Date "2017.01.27"]
[Round "8"]
[White "Golubka, Petr"]
[Black "Lagashin, Pavel"]
[Result "1/2-1/2"]
[WhiteElo "2413"]
[BlackElo "2207"]
[PlyCount "63"]
[EventDate "2017.01.23"]
[EventType "tourn"]
[EventRounds "9"]
[EventCountry "UKR"]
[EventCategory "1"]
[SourceTitle "CBM 176 Extra"]
[Source "ChessBase"]
[SourceDate "2017.03.02"]
[SourceVersion "1"]
[SourceVersionDate "2017.03.02"]
[SourceQuality "1"]

1. e4 c5 2. Nf3 Nc6 3. d4 cxd4 4. Nxd4 Qc7 5. Nb5 Qb8 6. c4 e6 7. Be3 a6 8. N5c3 Nf6 9. Be2 d6 10. 0-0 Be7 11. Na3 0-0 12. f4 Rd8 13. Bb6 Re8 14. Bf3 Nd7 15. Bf2 Nc5 16. Nc2 b5 17. b4 Na4 18. Nxa4 bxa4 19. a3 Bb7 20. Rb1 Qc7 21. Qd2 Rac8 22. Rfc1 Qb8 23. Ne3 Qa8 24. Nd1 Nb8 25. Qd3 Bc6 26. Nc3 Nd7 27. Re1 g6 28. Qd1 Nf6 29. Nxa4 Nxe4 30. Bxe4 Bxe4 31. Nb6 Qb7 32. Nxc8 1/2-1/2